| Tag |
First Indicator |
Second Indicator |
Subfields |
| LEADER |
00000cam a2200000 a 4500 |
| 001 |
in00001403067 |
| 005 |
20151020054150.0 |
| 008 |
850918s1985 at 000 0 eng d |
| 020 |
|
|
|a 0909185212
|
| 035 |
|
|
|a (OCoLC)12570141
|
| 035 |
|
|
|9 AHN0610AM
|
| 040 |
|
|
|a FHM
|c FHM
|d TXA
|d UtOrBLW
|
| 049 |
|
|
|a TXAM
|
| 090 |
|
|
|a PR9548
|b .P6 no.100
|
| 245 |
0 |
0 |
|a Twenty-one years :
|b 1964-1985 /
|c [editor, Grace Perry].
|
| 264 |
|
1 |
|a Berrima, NSW :
|b South Head Press,
|c [1985]
|
| 264 |
|
4 |
|c ©1985
|
| 300 |
|
|
|a 88 pages ;
|c 25 cm.
|
| 336 |
|
|
|a text
|b txt
|2 rdacontent
|
| 337 |
|
|
|a unmediated
|b n
|2 rdamedia
|
| 338 |
|
|
|a volume
|b nc
|2 rdacarrier
|
| 490 |
1 |
|
|a Poetry Australia ;
|v no. 100, 1985
|
| 500 |
|
|
|a Cover title.
|
| 650 |
|
0 |
|a Australian poetry.
|
| 700 |
1 |
|
|a Perry, Grace.
|
| 830 |
|
0 |
|a Poetry Australia ;
|v no. 100.
|
| 999 |
|
|
|a MARS
|
| 999 |
f |
f |
|s c4cc14f8-ad21-3f4e-85b3-35e6463854be
|i 92975760-8460-3a44-bc98-bfabbcae501d
|t 0
|
| 952 |
f |
f |
|p ric
|a Texas A&M University
|b Rellis Campus
|c Joint Library Facility
|d Remote Storage
|t 0
|e PR9548 .P6 no.100
|h Library of Congress classification
|i unmediated -- volume
|m A14822024475
|
| 998 |
f |
f |
|a PR9548 .P6 no.100
|t 0
|l Remote Storage
|